01469nab a22002177a 4500003000400000005001700004008004100021040000700062100002600069245014500095260007200240300001300312500005000325505056100375505008900936650002001025650002801045650002601073653002001099773013201119OSt20260116171527.0190605e xxu||||| |||| 00| 0 spa d cPJ aCardoso, Nicolás E.13aEl decreto 149/2025 PEN. Implicaciones en la negociación colectiva y su compatibilidad con la doctrina de la OIT /cNicolás E. Cardoso.  aCiudad Autónoma de Buenos Aires :bThomson Reuters La Ley,c2025. ap. 76-80 aCita Online: Cita: TR LALEY AR/DOC/864/2025. aSumario: I. Introducción.— II. Los aportes solidarios en la doctrina de la OIT.— III. La doctrina de la OIT sobre la negociación colectiva libre y voluntaria.— IV. La doctrina de la OIT respecto a los principios generales de la intervención de las autoridades públicas en la negociación colectiva.— V. La doctrina de la OIT respecto a intervenciones administrativas que suspenden convenios colectivos o que imponen su renegociación.— VI. El dec. 149/2025 PEN y sus puntos de tensión con la doctrina de la OIT.— VII. Conclusiones.  t¿Te interesa el texto completo? Solicitalo al correo: koha@justierradelfuego.gov.ar 0aDERECHO LABORAL 0aDERECHOS DEL TRABAJADOR 0aNEGOCIACION COLECTIVA aAPORTE SINDICAL0 02711dCiudad Autónoma de Buenos Aires : Thomson Reuters La Ley, 1999-2002.tRevista de derecho del trabajo. Nº 3 - Mayo 2025